| 000 | 00418cam a22001577a 4500 | ||
|---|---|---|---|
| 001 | 001538 | ||
| 003 | armpunfd | ||
| 005 | 20140612090643.0 | ||
| 008 | e0####xx#a##########000#0#und#d | ||
| 040 |
_aarmpunfd _carmpunfd |
||
| 080 | _a" | ||
| 245 | 1 | 0 | _aDerecho penal : parte especial |
| 260 |
_a Santa Fe : Rubinzal- Culzoni _b2003. 2ยบ Ed. Isbn V.1 : 950-727-455-3 |
||
| 942 |
_cLB _2cdu |
||
| 945 |
_aCatalis _d2010-08-19 |
||
| 999 |
_c1529 _d232033 |
||